La demanda en cadenas agroalimentarias /

محفوظ في:
التفاصيل البيبلوغرافية
المؤلف الرئيسي: Carranza, Carlos
مؤلفون آخرون: Díaz, Rafael
التنسيق: نص
الموضوعات:
الوسوم: إضافة وسم
لا توجد وسوم, كن أول من يضع وسما على هذه التسجيلة!

MARC

LEADER 00000 a a2200000 04500
001 13087
003
040
100 |a Carranza, Carlos  
245 |a La demanda en cadenas agroalimentarias /  |c Carlos Carranza ; Rafael Díaz 
650 |a AGROINDUSTRIA  
650 |a EXPORTACIONES  
650 |a GLOBALIZACION  
700 |a Díaz, Rafael  
773 |g volumen 6, número 2; páginas 13-15  
999 |c 29603  |d 29603